000 00822nam a2200217Ia 4500
003 GCL
008 140319s9999 xx 000 0 ara d
040 _aGCL /
_cGCL
082 0 4 _a610.3
_bس ا
100 1 _aابن سينا: شرف الملك ابوعلى الحسين بن عبدالله الحسين على البخارى
245 1 0 _a"الادوية المفردة فى كتاب ""القانون فى الطب""" /
_cابن سينا: شرف الملك ابوعلى الحسين بن عبدالله الحسين على البخارى
700 1 _aمهند عبدالامير الاعم
300 _a211 ص
490 _a
650 0 4 _aالطب
650 0 4 _aالطب العربى
650 0 4 _aالادوية
650 0 4 _aالعلوم عند العرب
650 0 4 _aابن سينا
942 _2ddc
_cBK
999 _c43980
_d43980